| 000 | 00365nam a22001097a 4500 | ||
|---|---|---|---|
| 999 |
_c534443 _d534443 |
||
| 082 | _aVol- | ||
| 245 |
_aPakistan journal of terrorism research / _cMehr Khaliq Dad Lak, National Coordinator NACTA |
||
| 260 |
_aIslamabad: _bNational Counter Terrorism Authority Pakistan, |
||
| 300 | _c24 cm. | ||
| 650 |
_aTerrorism - Journals, Peace - Journals, _928587 |
||
| 942 | _cCR | ||